Vida de Manolo (Registro nro. 592)

Detalles MARC
000 -CABECERA
Longitud fija campo de control 00536nam a2200205ai 4500
001 - NÚMERO DE CONTROL
Número de control 00000000078262
003 - IDENTIFICADOR DELl NÚMERO DE CONTROL
Identificador del número de control OSt
005 - FECHA Y HORA DE LA ÚLTIMA TRANSACCIÓN
Fecha y hora de la última transacción 20130611163909.0
008 - CÓDIGOS DE INFORMACIÓN DE LONGITUD FIJA
Códigos de información de longitud fija 020226s1989 esp 1 spa d
020 ## - NÚMERO INTERNACIONAL NORMALIZADO PARA LIBROS
Número Internacional Normalizado para Libros (ISBN) 84-239-1600-6
040 ## - FUENTE DE LA CATALOGACIÓN
Centro transcriptor BMC
082 ## - NÚMERO DE LA CLASIFICACIÓN DECIMAL DEWEY
Númeroo de clasificación 920 Hugué, Manuel
100 ## - PUNTO DE ACCESO PRINCIPAL-NOMBRE DE PERSONA
Nombre de persona Pla, Josep
9 (RLIN) 685
Fechas asociadas al nombre 1897-1981
245 10 - MENCIÓN DE TÍTULO
Título Vida de Manolo
Resto del título
Mención de responsabilidad, etc. José Pla
260 ## - PUBLICACIÓN, DISTRIBUCIÓN, ETC. (PIE DE IMPRENTA)
Lugar de publicación, distribución, etc. Madrid
Nombre del editor, distribuidor, etc. Espasa-Calpe
Fecha de publicación, distribución, etc. 1976
300 ## - DESCRIPCIÓN FÍSICA
Extensión 245 p.
Dimensiones 18 cm
490 ## - MENCIÓN DE SERIE
Mención de serie Ausral
Designación de volumen o secuencia 1600
600 ## - PUNTO DE ACCESO ADICIONAL DE MATERIA - NOMBRE DE PERSONA
9 (RLIN) 694
Nombre de persona Hugué, Manolo
Fechas asociadas al nombre 1872-1945
Subdivisión de materia general (R ) Biografías
942 ## - ENTRADA DE ELEMENTOS AGREGADOS (KOHA)
Fuente de clasificaión o esquema Dewey Decimal Classification
Koha [por defecto] tipo de item 1- Monografias
Existencias
Suprimido Perdido Fuente de clasificación o esquema Estropeado Restricciones de uso No para préstamo Código de colección Localización permanente Localización actual Localización en estanter&íacute;as Fecha adquisición Fuente de adquisición Número de inventario Préstamos totales Signatura completa Código de barras Fecha última consulta Coste, precio reemplazado Fecha del precio de reemplazo Tipo de item de Koha
NULL NULL Dewey Decimal Classification NULL Prestable NULL NULL Biblioteca Miguel de Cervantes - UNICAES Biblioteca Miguel de Cervantes - UNICAES Sala Principal 20/07/1998 Donación - Marco René Revelo 000600   920 PLA vid 1000600 29/05/2013 19.99 29/05/2013 1- Monografias